000
00324nam a22001337a 4500
008
170529b xxu||||| |||| 00| 0 eng d
020
_a
9780072901689
041
_a
eng
080
_2
4TH
_a
621.38
100
_a
27
101
_a
IM
245
_a
CLASSICAL OBJECT-ORIENTED SOFTWARE ENGINEERING
_c
SCHACH, S.R
942
_2
udc
_c
BK
999
_c
14813
_d
14813